Град обреченный; За миллиард лет до конца света; Град обреченный

Dades bibliogràfiques
Autor principal: Стругацкий А. Н. Аркадий Натанович
Altres autors: Стругацкий Б. Н. Борис Натанович (иллюстратор), Голотенко В.
Sumari:Исключено из фонда НТБ ТПУ
Idioma:rus
Publicat: Москва, Молодая гвардия, 1991
TOC:За миллиард лет до конца света;
Град обреченный;
Format: MixedMaterials Llibre
KOHA link:https://koha.lib.tpu.ru/cgi-bin/koha/opac-detail.pl?biblionumber=113241

MARC

LEADER 00000nam0a2200000 4500
001 113241
005 20231101215119.0
010 |a 5235012151 
020 |a RU  |b 91-10666 
035 |a (RuTPU)RU\TPU\book\122478 
090 |a 113241 
100 |a 20070409d1991 m y0rusy5003 ca 
101 0 |a rus 
102 |a RU 
105 |a a z 000ay 
200 1 |a Град обреченный  |f А. Н. Стругацкий, Б. Н. Стругацкий  |g худож. В. Голотенко 
210 |a Москва  |c Молодая гвардия  |d 1991 
215 |a 478,[2] с.  |c ил.  |d 21 см 
333 |a Исключено из фонда НТБ ТПУ 
464 |t За миллиард лет до конца света  |o Рукопись, обнаруженная при странных обстоятельствах 
464 |t Град обреченный  |o Роман 
675 |a Р2  |z rus 
700 1 |a Стругацкий  |b А. Н.  |c русский писатель  |c фантаст  |f 1925-1991  |g Аркадий Натанович  |2 stltpush  |3 (RuTPU)RU\TPU\pers\14615  |9 4854 
701 1 |a Стругацкий  |b Б. Н.  |g Борис Натанович  |4 070 
701 1 |a Стругацкий  |b Б. Н.  |c русский писатель  |c фантаст  |f 1933-  |g Борис Натанович  |2 stltpush  |3 (RuTPU)RU\TPU\pers\14616  |9 4855 
701 1 |a Стругацкий  |b Б. Н.  |c русский писатель  |c фантаст  |f 1933-  |g Борис Натанович  |2 stltpush  |3 (RuTPU)RU\TPU\pers\14616  |9 4855 
702 1 |a Голотенко  |b В.  |4 440 
801 0 |a RU  |b RuMRKP  |c 19950417  |g psbo 
801 1 |a RU  |b 63413507  |c 20070409  |g PSBO 
801 2 |a RU  |b 63413507  |c 20221005  |g PSBO 
942 |c BK